[Event "Bad Woerishofen op"]
[Site "?"]
[Date "2005.03.08"]
[Round "6"]
[White "Eschle, Hubert"]
[Black "Wiedemann, Franz"]
[Result "0-1"]
[WhiteElo "1936"]
[BlackElo "2083"]
[PlyCount "36"]

1. e4 Nf6 2. e5 Nd5 3. d4 d6 4. c4 Nb6 5. Nf3 dxe5 6. Nxe5 N8d7 7. Nf3 Nf6 8.
Bd3 Bg4 9. Be3 e6 10. O-O Be7 11. Nbd2 O-O 12. Qc2 Rc8 13. Ne5 Bh5 14. Ndf3 c5
15. dxc5 Bxc5 16. Rad1 Qc7 17. Bg5 Bd6 18. Bf4 Bxf3 0-1

[Event "Bad Woerishofen op"]
[Site "?"]
[Date "2005.03.08"]
[Round "6"]
[White "Kummerow, Heiko"]
[Black "Drabke, Lorenz"]
[Result "1/2-1/2"]
[WhiteElo "2292"]
[BlackElo "2456"]
[PlyCount "49"]

1. e4 c5 2. Nf3 e6 3. d4 cxd4 4. Nxd4 a6 5. Bd3 Bc5 6. Be3 d6 7. O-O Ne7 8. Qe2
O-O 9. c3 Nd7 10. Nd2 Qc7 11. Bg5 Re8 12. N2f3 Ba7 13. Rad1 Ng6 14. Bb1 h6 15.
Bc1 b5 16. e5 dxe5 17. Nc6 Bb7 18. Nxa7 Rxa7 19. Bxg6 fxg6 20. Qd3 Bxf3 21.
gxf3 g5 22. Be3 Rb7 23. Qd6 Qxd6 24. Rxd6 a5 25. Rfd1 1/2-1/2

[Event "Bad Woerishofen op"]
[Site "?"]
[Date "2005.03.08"]
[Round "6"]
[White "Pirrot, Dieter"]
[Black "Bohnstorff, Michael"]
[Result "1-0"]
[WhiteElo "2401"]
[BlackElo "2205"]
[PlyCount "59"]

1. e4 e6 2. d4 b6 3. Bd3 Bb7 4. Nc3 Nc6 5. Nf3 Nb4 6. Be2 d5 7. exd5 Nxd5 8.
Ne5 c6 9. Nxd5 exd5 10. Bh5 g6 11. Bg4 f5 12. Bxf5 Nf6 13. Be6 Qe7 14. Bf7+ Kd8
15. O-O Bg7 16. c4 Rf8 17. cxd5 cxd5 18. Bxg6 hxg6 19. Nxg6 Qf7 20. Nxf8 Qxf8
21. Bg5 Kd7 22. Rc1 Bc6 23. Qd3 Ne4 24. Qh3+ Kd6 25. Qa3+ Kd7 26. Qh3+ Kd6 27.
Bh4 Bxd4 28. Bg3+ Nxg3 29. Qxg3+ Be5 30. Rxc6+ 1-0

[Event "Bad Woerishofen op"]
[Site "?"]
[Date "2005.03.08"]
[Round "6"]
[White "Zhang, Pengxiang"]
[Black "Postny, Evgeny"]
[Result "1/2-1/2"]
[WhiteElo "2560"]
[BlackElo "2557"]
[PlyCount "76"]

1. e4 e5 2. Nf3 Nc6 3. d4 exd4 4. Nxd4 Bc5 5. Nb3 Bb4+ 6. c3 Be7 7. c4 Nf6 8.
Nc3 O-O 9. Be2 Bb4 10. f3 Bxc3+ 11. bxc3 d6 12. Bg5 h6 13. Bh4 Ne5 14. c5 Ng6
15. Bg3 d5 16. exd5 Nxd5 17. c4 Ndf4 18. Qxd8 Rxd8 19. Kf2 Be6 20. Rhc1 a5 21.
a4 f5 22. Rab1 Nxe2 23. Kxe2 f4 24. Be1 Ne5 25. Nd2 Nd3 26. Rc3 Nxc5 27. Bf2
Nxa4 28. Ra3 Re8 29. Kd1 Nb6 30. Bxb6 cxb6 31. Rxb6 Rad8 32. c5 Bc4 33. Rxa5
Bd5 34. Ra4 Rc8 35. Ne4 Bc6 36. Rd4 Ra8 37. Rb2 Re5 38. Ke2 Rc8 1/2-1/2

[Event "Bad Woerishofen op"]
[Site "?"]
[Date "2005.03.08"]
[Round "6"]
[White "Siebrecht, Sebastian"]
[Black "Kleinegger, Frank"]
[Result "1/2-1/2"]
[WhiteElo "2408"]
[BlackElo "2245"]
[PlyCount "81"]

1. e4 e5 2. Nf3 Nf6 3. Nc3 Nc6 4. Bb5 Bb4 5. O-O O-O 6. d3 d6 7. Bg5 Bxc3 8.
bxc3 Qe7 9. Nd2 Nd8 10. f4 exf4 11. d4 Ne6 12. Bxf4 c5 13. Bd3 Nxf4 14. Rxf4
Bd7 15. Qe2 Rae8 16. Re1 Bc6 17. e5 dxe5 18. dxe5 Nd7 19. Bxh7+ Kxh7 20. Qh5+
Kg8 21. Rh4 Qxh4 22. Qxh4 Nxe5 23. Qh5 f6 24. Re3 Rd8 25. Ne4 Nc4 26. Re1 Rd5
27. Qe2 b5 28. Ng3 Re8 29. Qf2 Red8 30. Nf5 Rd2 31. Ne7+ Kf8 32. Nxc6 Rxf2 33.
Kxf2 Rd7 34. Nb8 Rd6 35. Rb1 a6 36. a4 Rd2+ 37. Kf3 Rxc2 38. Kf4 Rxc3 39. axb5
axb5 40. Rxb5 Nd6 41. Rxc5 1/2-1/2

[Event "Bad Woerishofen op"]
[Site "?"]
[Date "2005.03.08"]
[Round "6"]
[White "Kveinys, Aloyzas"]
[Black "Colovic, Aleksandar"]
[Result "1-0"]
[WhiteElo "2518"]
[BlackElo "2404"]
[PlyCount "75"]

1. d4 Nf6 2. c4 e6 3. Nc3 Bb4 4. e3 b6 5. Bd3 Bb7 6. Nf3 O-O 7. O-O Bxc3 8.
bxc3 Be4 9. Be2 c5 10. Nd2 Bg6 11. f3 d5 12. Nb3 Qc7 13. dxc5 Rd8 14. cxd5 exd5
15. cxb6 axb6 16. Bd2 Nbd7 17. Nd4 h6 18. Be1 Re8 19. Qd2 Qc5 20. Bh4 Rec8 21.
Rfc1 Ne8 22. c4 Ne5 23. Nb3 Qd6 24. cxd5 Qa3 25. e4 Nd6 26. Be1 f5 27. Qd4 Rxc1
28. Rxc1 Qxa2 29. Ra1 Qxe2 30. Rxa8+ Kh7 31. Ra1 Ndc4 32. Bc3 fxe4 33. Re1 Qc2
34. Nd2 Qd3 35. Nxc4 Qxd4+ 36. Bxd4 Nxc4 37. fxe4 b5 38. Bc3 1-0

[Event "Bad Woerishofen op"]
[Site "?"]
[Date "2005.??.08"]
[Round "6"]
[White "Gasthofer, Alexander"]
[Black "Tschartoschkin, Michael"]
[Result "1/2-1/2"]
[WhiteElo "2434"]
[BlackElo "2202"]
[PlyCount "81"]

1. Nf3 Nf6 2. g3 g6 3. c4 c6 4. Bg2 Bg7 5. O-O O-O 6. d4 d5 7. Ne5 e6 8. Nc3
Nfd7 9. f4 dxc4 10. Nxc4 Nb6 11. Ne5 N8d7 12. Be3 Nd5 13. Bf2 Nxe5 14. dxe5 b6
15. Qa4 Bb7 16. Ne4 Qc7 17. Nd6 c5 18. Nxb7 Qxb7 19. Rfd1 Rfd8 20. Rd2 Bf8 21.
Rad1 b5 22. Qc2 Qc6 23. a3 Rd7 24. h4 Rad8 25. h5 a5 26. hxg6 hxg6 27. e4 Nb6
28. Rxd7 Rxd7 29. f5 Rxd1+ 30. Qxd1 Qd7 31. Qe2 Nc4 32. a4 Nxe5 33. axb5 exf5
34. exf5 Qxf5 35. b6 Nd3 36. b7 Bd6 37. Qe8+ Kg7 38. Qe3 Qxf2+ 39. Qxf2 Nxf2
40. Kxf2 Kf6 41. Bd5 1/2-1/2

[Event "Bad Woerishofen op"]
[Site "?"]
[Date "2005.03.08"]
[Round "6"]
[White "Espig, Lutz"]
[Black "Lieb, Harald"]
[Result "1-0"]
[WhiteElo "2432"]
[BlackElo "2276"]
[PlyCount "79"]
[EventDate "2005.03.04"]

1. Nf3 f5 2. g3 Nf6 3. Bg2 g6 4. O-O Bg7 5. c4 O-O 6. Nc3 d6 7. d4 Qe8 8. d5 a5
9. Nd4 Na6 10. e4 fxe4 11. Nxe4 Nxe4 12. Bxe4 Bh3 13. Bg2 Bxg2 14. Kxg2 Nc5 15.
Re1 Qf7 16. f4 c6 17. dxc6 Qxc4 18. cxb7 Nxb7 19. Ne6 Rf7 20. Ng5 Rf5 21. Rxe7
Rd5 22. Qe1 Qc2+ 23. Kh3 Qc8+ 24. Qe6+ Qxe6+ 25. Nxe6 Bf6 26. Rxb7 Re8 27. Nc7
Rh5+ 28. Kg4 Re2 29. h4 Rc5 30. Kf3 Re1 31. a4 Rc2 32. Nd5 Rf1+ 33. Ke4 Bg7 34.
Rc7 Re2+ 35. Ne3 Ree1 36. Kd3 Rf3 37. Ra3 d5 38. Bd2 Rb1 39. Rb3 Rxb2 40. Rxg7+
1-0

[Event "Bad Woerishofen op"]
[Site "?"]
[Date "2005.03.08"]
[Round "6"]
[White "Khurtsidze, Nino"]
[Black "Wang, Rui"]
[Result "0-1"]
[WhiteElo "2400"]
[BlackElo "2478"]
[PlyCount "62"]
[EventDate "2005.03.04"]

1. d4 Nf6 2. c4 g6 3. Nf3 Bg7 4. g3 O-O 5. Bg2 d6 6. Nc3 Nc6 7. O-O Bf5 8. Ne1
Na5 9. e4 Bg4 10. Qd3 c5 11. d5 a6 12. Nc2 Bd7 13. b3 e6 14. dxe6 Bxe6 15. Bb2
b5 16. Nd5 bxc4 17. bxc4 Rb8 18. Bc3 Nxd5 19. Bxg7 Kxg7 20. exd5 Bf5 21. Qc3+
Qf6 22. Qxa5 Bxc2 23. Rac1 Bd3 24. Rfd1 Rb2 25. Rd2 Rfb8 26. a3 Rb1 27. Rdd1
R8b2 28. Qe1 Rxc1 29. Rxc1 Re2 30. Qf1 Rc2 31. Qe1 Qxf2+ 0-1

[Event "Bad Woerishofen op"]
[Site "?"]
[Date "2005.03.08"]
[Round "6"]
[White "Hopfauf, Fridolin"]
[Black "Asmundsson, Ingvar"]
[Result "1/2-1/2"]
[WhiteElo "2181"]
[BlackElo "2288"]
[PlyCount "87"]
[EventDate "2005.03.04"]

1. e4 c5 2. Nf3 e6 3. Nc3 a6 4. g3 b5 5. Bg2 Bb7 6. d3 d6 7. O-O Nd7 8. Re1
Ngf6 9. Bg5 Be7 10. a4 b4 11. Nb1 h6 12. Bc1 Qc7 13. Nbd2 O-O 14. Nc4 e5 15.
Nh4 Rfe8 16. Nf5 Bf8 17. Nfe3 g6 18. a5 Bc6 19. Bd2 Rab8 20. h3 h5 21. Qc1 Kh7
22. Qd1 Bh6 23. Nf1 Bxd2 24. Nfxd2 Nf8 25. Nf3 Ne6 26. Qd2 Kg7 27. Nh4 Qe7 28.
Ne3 Kh7 29. Rf1 Ng8 30. Qe1 Qg5 31. Nc4 Rbd8 32. Qe3 Kg7 33. Nf3 Qe7 34. c3
bxc3 35. bxc3 Nc7 36. Nb6 Nh6 37. Rfe1 f5 38. Qc1 Qf6 39. Qg5 Qxg5 40. Nxg5 Nb5
41. Rac1 Kf6 42. h4 Bb7 43. Nh7+ Kg7 44. Ng5 1/2-1/2

[Event "Bad Woerishofen op"]
[Site "?"]
[Date "2005.03.??"]
[Round "6"]
[White "Gutman, Lev"]
[Black "Zaragatski, Ilja"]
[Result "0-1"]
[WhiteElo "2461"]
[BlackElo "2344"]
[PlyCount "108"]

1. Nf3 Nf6 2. g3 b6 3. Bg2 Bb7 4. O-O e6 5. c4 c5 6. b3 Be7 7. Bb2 O-O 8. d4
cxd4 9. Qxd4 d6 10. Nc3 a6 11. e4 Nbd7 12. Rfd1 Qc7 13. Ba3 Nc5 14. e5 dxe5 15.
Qxe5 Qc8 16. Qe2 Ra7 17. Rd4 Bxf3 18. Bxf3 Nxb3 19. axb3 Bxa3 20. Rd3 Bc5 21.
Nb5 Re7 22. Nd6 Qc7 23. Ne4 Nxe4 24. Qxe4 a5 25. Rad1 f5 26. Qc6 Qe5 27. Kf1
Rc7 28. Re1 Qxe1+ 29. Kxe1 Rxc6 30. Bxc6 Kf7 31. Rd7+ Kf6 32. Ke2 Rh8 33. h4 g5
34. hxg5+ Kxg5 35. f4+ Kf6 36. Rd1 Rc8 37. Bb7 Rg8 38. Kf3 h5 39. Bc6 Rh8 40.
Rh1 Rd8 41. Rxh5 Rd3+ 42. Kg2 Rxb3 43. Rh6+ Ke7 44. Rh7+ Kd6 45. Be8 Bd4 46.
Ba4 Rb2+ 47. Kf1 Rf2+ 48. Ke1 Ra2 49. Rd7+ Kc5 50. Rc7+ Kb4 51. Bd7 Bf2+ 52.
Kd1 Kc3 53. c5 Rd2+ 54. Kc1 Bxc5 0-1

[Event "Bad Woerishofen op"]
[Site "?"]
[Date "2005.03.08"]
[Round "6"]
[White "Markzitser, Dimitry"]
[Black "Wang, Yu"]
[Result "1/2-1/2"]
[WhiteElo "2220"]
[BlackElo "2390"]
[PlyCount "129"]

1. d4 d5 2. Nf3 Nc6 3. c4 Bg4 4. cxd5 Bxf3 5. dxc6 Bxc6 6. Nc3 Nf6 7. Bg5 e6 8.
f3 Be7 9. Qd2 Qd7 10. e4 Rd8 11. O-O-O O-O 12. Kb1 b5 13. Be3 b4 14. Ne2 a5 15.
Nc1 Ba4 16. b3 Bb5 17. Bxb5 Qxb5 18. Qd3 Qb7 19. Qc2 a4 20. bxa4 Ra8 21. Nb3 c5
22. dxc5 Rfc8 23. Rc1 Rxa4 24. Qc4 Ne8 25. c6 Qa8 26. Qc2 Ra6 27. Nd4 Bf6 28.
Qe2 Bxd4 29. Bxd4 Raxc6 30. Rxc6 Qxc6 31. Bb2 Qb6 32. Qd3 Rd8 33. Qc2 h6 34.
Rc1 Qe3 35. Rd1 Rxd1+ 36. Qxd1 Kh7 37. e5 g6 38. Bd4 Qf4 39. g3 Qf5+ 40. Kb2
Nc7 41. Qc2 Qg5 42. f4 Qe7 43. Qc5 Qd7 44. Qd6 Qc8 45. Qe7 Kg7 46. Qxb4 Qa6 47.
Qc5 Nd5 48. a3 Qe2+ 49. Qc2 Qb5+ 50. Ka2 Nxf4 51. gxf4 Qd5+ 52. Qb3 Qxd4 53.
Qb4 Qf2+ 54. Kb3 Qxh2 55. a4 Qg3+ 56. Kb2 Qf2+ 57. Kb3 Qf3+ 58. Kb2 g5 59. fxg5
hxg5 60. Qd2 Kg6 61. Qc2+ Kg7 62. Qd2 Kg6 63. Qc2+ Kg7 64. Qd2 Kg6 65. Qc2+
1/2-1/2

[Event "Bad Woerishofen op"]
[Site "?"]
[Date "2005.03.08"]
[Round "6"]
[White "Steiger, Wallfried"]
[Black "Garbe, Ralf"]
[Result "1-0"]
[WhiteElo "1982"]
[BlackElo "2195"]
[PlyCount "145"]

1. d4 g6 2. e4 Bg7 3. Be3 c5 4. c3 cxd4 5. cxd4 Nc6 6. Nc3 d6 7. Be2 Nf6 8. h3
a6 9. Nf3 b5 10. a3 Bb7 11. O-O Rc8 12. Rc1 O-O 13. b4 Nb8 14. Nd2 Nbd7 15. Qb3
Rc7 16. e5 dxe5 17. dxe5 Nxe5 18. Bb6 Rxc3 19. Qxc3 Qxb6 20. Qxe5 Nd5 21. Qg3
f5 22. Qb3 Kh8 23. Bf3 Nf4 24. Rc2 e5 25. Bxb7 Ne2+ 26. Kh1 Nd4 27. Qe3 f4 28.
Qd3 Nxc2 29. Qxc2 Qxb7 30. Rc1 e4 31. Nxe4 f3 32. gxf3 Qd7 33. Kg2 Qf5 34. Qd1
Be5 35. Rc6 Qf4 36. Ng3 h5 37. Rxg6 Kh7 38. Qd3 Qxf3+ 39. Qxf3 Rxf3 40. Rxa6
Rb3 41. Nxh5 Bb2 42. Nf6+ Kg7 43. Ng4 Bxa3 44. Ra5 Bxb4 45. Rxb5 Rb2 46. Kf3
Bc3 47. Rxb2 Bxb2 48. Ke4 Kg6 49. f4 Kh5 50. Ne5 Kh4 51. f5 Kg5 52. Nf3+ Kf6
53. h4 Bc3 54. Nh2 Kf7 55. Ng4 Be1 56. h5 Bd2 57. Kd5 Bc1 58. Ke4 Bd2 59. Ne3
Kf6 60. Nd5+ Kg5 61. f6 Kxh5 62. Kf5 Bh6 63. f7 Bf8 64. Kf6 Kh6 65. Nf4 Kh7 66.
Ne6 Bb4 67. Nd4 Bc5 68. Nf5 Bf8 69. Ne7 Bg7+ 70. Ke6 Bf8 71. Kd7 Bg7 72. Ke8
Bh6 73. Nf5 1-0

[Event "Bad Woerishofen op"]
[Site "?"]
[Date "2005.03.09"]
[Round "7"]
[White "Asmundsson, Ingvar"]
[Black "Steiger, Wallfried"]
[Result "1-0"]
[WhiteElo "2288"]
[BlackElo "1982"]
[PlyCount "35"]

1. f4 d5 2. Nf3 c5 3. b3 Bg4 4. Ne5 Bf5 5. e3 f6 6. Bb5+ Nd7 7. Bxd7+ Bxd7 8.
Qh5+ g6 9. Nxg6 Bg4 10. Qxg4 Nh6 11. Qh5 hxg6 12. Qxg6+ Nf7 13. Bb2 Qd7 14. Nc3
Rh6 15. Qd3 O-O-O 16. Qb5 Qg4 17. Qxc5+ Kb8 18. Nb5 1-0

[Event "Bad Woerishofen op"]
[Site "?"]
[Date "2005.03.09"]
[Round "7"]
[White "Levin, Felix"]
[Black "Eingorn, Vereslav"]
[Result "1/2-1/2"]
[WhiteElo "2498"]
[BlackElo "2587"]
[PlyCount "23"]

1. Nf3 b6 2. g3 Bb7 3. Bg2 c5 4. c4 g6 5. d4 cxd4 6. Qxd4 Nf6 7. O-O Bg7 8. Nc3
d6 9. Be3 Nbd7 10. Rac1 a6 11. Rfd1 Rb8 12. b3 1/2-1/2

[Event "Bad Woerishofen op"]
[Site "?"]
[Date "2005.03.09"]
[Round "7"]
[White "Gutman, Lev"]
[Black "Hornung, Dr. Hans"]
[Result "1-0"]
[WhiteElo "2461"]
[BlackElo "2203"]
[PlyCount "65"]

1. Nf3 c5 2. g3 Nc6 3. d4 cxd4 4. Nxd4 e5 5. Nb5 Nf6 6. c4 Bb4+ 7. Bd2 a6 8.
N5c3 d5 9. cxd5 Nxd5 10. Bg2 Be6 11. O-O O-O 12. Nxd5 Bxd5 13. Bxb4 Bxg2 14.
Kxg2 Nxb4 15. Qb3 Qd5+ 16. Qxd5 Nxd5 17. Nd2 Rac8 18. Rac1 Nb6 19. Ne4 Rxc1 20.
Rxc1 Rc8 21. Rd1 f5 22. Ng5 h6 23. Nf3 Rc2 24. b3 e4 25. Nh4 Kh7 26. Nxf5 Rxe2
27. Rd6 Nc8 28. Rd7 Kg6 29. g4 Kf6 30. Rxb7 Rxa2 31. Rc7 g6 32. Rc6+ Kg5 33.
Kg3 1-0

[Event "Bad Woerishofen op"]
[Site "?"]
[Date "2005.03.09"]
[Round "7"]
[White "Postny, Evgeny"]
[Black "Espig, Lutz"]
[Result "1/2-1/2"]
[WhiteElo "2557"]
[BlackElo "2432"]
[PlyCount "71"]

1. d4 Nf6 2. c4 d6 3. Nc3 Nbd7 4. e4 e5 5. d5 Be7 6. Be3 O-O 7. f3 Ne8 8. Bd3
g6 9. Qd2 f5 10. exf5 gxf5 11. f4 Ng7 12. Nh3 Nf6 13. O-O-O Ng4 14. Bg1 Bd7 15.
Kb1 a6 16. fxe5 Nxe5 17. Nf4 Qe8 18. Bd4 b5 19. c5 Bg5 20. Bc2 Nh5 21. Nce2 Nc4
22. Qc1 dxc5 23. Bxc5 Rf7 24. g3 Nf6 25. Rhe1 Ne4 26. Bd4 c5 27. dxc6 Bxc6 28.
Ng1 Qe7 29. Nf3 Bf6 30. Nh5 Bxd4 31. Nxd4 Rc8 32. Re2 Bb7 33. Rd3 Qe5 34. Qd1
Re7 35. Bb3 Rd8 36. Nf3 1/2-1/2

[Event "Bad Woerishofen op"]
[Site "?"]
[Date "2005.03.09"]
[Round "7"]
[White "Stuemer, Paul"]
[Black "Gerstner, Bernhard"]
[Result "1-0"]
[WhiteElo "2166"]
[BlackElo "2069"]
[PlyCount "70"]

1. c4 Nf6 2. g3 c6 3. Bg2 d5 4. Nf3 dxc4 5. O-O Nbd7 6. Na3 Nb6 7. Qc2 Be6 8.
Ng5 Qd7 9. b3 cxb3 10. axb3 g6 11. Bb2 Bg7 12. Nc4 Nxc4 13. bxc4 O-O 14. Rfb1
Bg4 15. d3 h6 16. Nf3 Bxf3 17. Bxf3 Qc7 18. Bc3 Rfb8 19. h4 h5 20. Ra5 Nd7 21.
Rba1 Ne5 22. Be4 b6 23. Ra6 f5 24. Bg2 Nd7 25. Bxg7 Kxg7 26. Qc3+ Kh7 27. Qa3
Nc5 28. Rxa7 Rxa7 29. Qxa7 Rb7 30. Qa8 e5 31. Qe8 e4 32. Ra8 Kh6 33. d4 Nb3 34.
Qh8+ Qh7 35. Qf6 Rc7 1-0

[Event "Bad Woerishofen op"]
[Site "?"]
[Date "2005.03.09"]
[Round "7"]
[White "Wang, Yu"]
[Black "Mertens, Heiko"]
[Result "0-1"]
[WhiteElo "2390"]
[BlackElo "2235"]
[PlyCount "78"]

1. e4 e5 2. Nf3 d6 3. d4 Nd7 4. Bc4 Be7 5. O-O c6 6. a4 a5 7. c3 Ngf6 8. Nbd2
O-O 9. Re1 exd4 10. Nxd4 Ne5 11. Bf1 Re8 12. f4 Ng6 13. g3 Bf8 14. Bg2 Qc7 15.
b3 Nd7 16. Ba3 Nc5 17. Bxc5 dxc5 18. N4f3 f6 19. Qc2 Bd7 20. Rad1 Rad8 21. Nc4
Be6 22. f5 Bxc4 23. fxg6 Rxd1 24. Rxd1 Be6 25. gxh7+ Kh8 26. e5 c4 27. bxc4
fxe5 28. Nh4 Bf7 29. Rf1 e4 30. Bxe4 g5 31. Rxf7 Bc5+ 32. Kg2 Qxf7 33. Bg6 Qe6
34. Nf3 g4 35. Ng5 Qe3 36. Nf7+ Kg7 37. h8=Q+ Rxh8 38. Qd1 Qf2+ 39. Kh1 Re8 0-1

[Event "Bad Woerishofen op"]
[Site "?"]
[Date "2005.03.09"]
[Round "7"]
[White "Wang, Rui"]
[Black "Tiviakov, Sergei"]
[Result "0-1"]
[WhiteElo "2478"]
[BlackElo "2627"]
[PlyCount "84"]

1. d4 Nf6 2. c4 e6 3. Nc3 Bb4 4. Qc2 c5 5. dxc5 Bxc5 6. Nf3 Qb6 7. e3 Qc7 8. b3
b6 9. Bb2 Bb7 10. Bd3 Nc6 11. a3 Be7 12. O-O Rc8 13. Rac1 Qb8 14. Qe2 Ng4 15.
Ne4 f5 16. Ned2 O-O 17. h3 Nge5 18. Nxe5 Nxe5 19. Bb1 Bf6 20. Bd4 Rce8 21. f4
Ng6 22. Bxf6 Rxf6 23. Nf3 e5 24. fxe5 Nxe5 25. Nd4 f4 26. Kh1 f3 27. gxf3 Nxf3
28. Nxf3 Qg3 29. e4 Ref8 30. Qg2 Rxf3 31. Rxf3 Qxf3 32. Qxf3 Rxf3 33. c5 Kf8
34. cxb6 axb6 35. Kh2 Rxb3 36. e5 g6 37. h4 Ke7 38. h5 gxh5 39. Bxh7 Bd5 40. a4
Be6 41. Rc8 h4 42. Rg8 Rh3+ 0-1

[Event "Bad Woerishofen op"]
[Site "?"]
[Date "2005.03.09"]
[Round "7"]
[White "Tscharotschkin, Michael"]
[Black "Michalczak, Thomas"]
[Result "0-1"]
[WhiteElo "2202"]
[BlackElo "2376"]
[PlyCount "60"]

1. e4 c5 2. c3 Nf6 3. e5 Nd5 4. d4 cxd4 5. cxd4 d6 6. Nf3 Nc6 7. Bc4 Nb6 8. Bb3
dxe5 9. d5 Na5 10. Nc3 f6 11. O-O g6 12. Be3 Bd7 13. h4 Bg4 14. Ba4+ Nxa4 15.
Qxa4+ Bd7 16. Qe4 Rc8 17. Bxa7 b6 18. Rac1 Ra8 19. Nxe5 fxe5 20. Qxe5 Rg8 21.
d6 Rxa7 22. Nd5 Nc6 23. Qf4 e5 24. Rfe1 Bxd6 25. Qh6 Bf8 26. Qf4 Be6 27. Nf6+
Kf7 28. Qe4 Qxf6 29. Rxc6 Bc5 30. Kh1 Rc8 0-1

[Event "Bad Woerishofen op"]
[Site "?"]
[Date "2005.03.09"]
[Round "7"]
[White "Zaragatski, Ilja"]
[Black "Zhang, Pengxiang"]
[Result "0-1"]
[WhiteElo "2344"]
[BlackElo "2560"]
[PlyCount "78"]

1. e4 c5 2. Nf3 Nc6 3. d4 cxd4 4. Nxd4 Qb6 5. Nb3 Nf6 6. Nc3 e6 7. Be3 Qc7 8.
Bd3 a6 9. f4 d6 10. Qf3 b5 11. O-O-O Bb7 12. g4 Nb4 13. g5 Nxd3+ 14. Rxd3 Nd7
15. Re1 b4 16. Ne2 Rc8 17. Rd2 a5 18. Kb1 a4 19. Nbc1 Be7 20. Nd3 d5 21. exd5
Bxd5 22. Qf2 O-O 23. Bd4 b3 24. cxb3 axb3 25. a3 Bc4 26. Nc3 Qa5 27. Ne5 Nxe5
28. Bxe5 Bc5 29. Bd4 Be7 30. Be5 Ra8 31. Ne4 Rfc8 32. Nd6 Bxd6 33. Rxd6 Bd5 34.
Qe3 Qc7 35. Qd2 Ra5 36. f5 Rc5 37. Rxd5 Rxd5 38. Bxc7 Rxd2 39. Bf4 Rf2 0-1

[Event "Bad Woerishofen op"]
[Site "?"]
[Date "2005.03.09"]
[Round "7"]
[White "Bjarnason, Oskar"]
[Black "Mainka, Romuald"]
[Result "1-0"]
[WhiteElo "2279"]
[BlackElo "2454"]
[PlyCount "57"]

1. e4 c5 2. c3 Nf6 3. e5 Nd5 4. d4 cxd4 5. cxd4 d6 6. Nf3 e6 7. Bc4 Nc6 8. O-O
Be7 9. Qe2 O-O 10. Qe4 Qc7 11. Bd3 g6 12. Bh6 Rd8 13. Nbd2 Ndb4 14. Be2 dxe5
15. dxe5 a5 16. Qf4 Nd5 17. Qg3 Bd7 18. Ne4 Be8 19. Rac1 Qb6 20. Bg5 Nd4 21.
Bc4 Nxf3+ 22. gxf3 Bxg5 23. Qxg5 Bc6 24. Qh6 f5 25. exf6 Rd7 26. Ng5 Rf8 27.
Rfe1 Rxf6 28. Bxd5 Rxd5 29. Qxh7+ 1-0

[Event "Bad Woerishofen op"]
[Site "?"]
[Date "2005.03.09"]
[Round "7"]
[White "Lieb, Harald"]
[Black "Khurtsidze, Nino"]
[Result "0-1"]
[WhiteElo "2276"]
[BlackElo "2400"]
[PlyCount "80"]

1. d4 Nf6 2. c4 e6 3. Nf3 d5 4. g3 Bb4+ 5. Bd2 Be7 6. Bg2 O-O 7. O-O c6 8. Bf4
Nbd7 9. Nbd2 b6 10. Ne5 Bb7 11. e4 dxc4 12. Nexc4 c5 13. e5 Nd5 14. dxc5 Nxc5
15. Qg4 h5 16. Qxh5 Nxf4 17. gxf4 Bxg2 18. Kxg2 b5 19. Nd6 Bxd6 20. exd6 Qxd6
21. Rad1 Nd3 22. Qf3 Nxf4+ 23. Kh1 Nd5 24. Rg1 Qf4 25. Qg2 g6 26. Nf3 Kg7 27.
Rd4 Qf6 28. Qg3 Rh8 29. Rg4 Rh6 30. b3 Rc8 31. Ng5 Rc3 32. Qg2 Rc2 33. Ne4 Qe5
34. Rg5 Qb2 35. Qg3 Qd4 36. Rg4 Rxa2 37. Ng5 Qxf2 38. Nxe6+ Kf6 39. Rf4+ Nxf4
40. Qc3+ Kxe6 0-1

[Event "Bad Woerishofen op"]
[Site "?"]
[Date "2005.03.09"]
[Round "7"]
[White "Vogel, Jaap"]
[Black "Siebrecht, Sebastian"]
[Result "0-1"]
[WhiteElo "2283"]
[BlackElo "2408"]
[PlyCount "62"]

1. Nf3 g6 2. d4 Bg7 3. g3 Nf6 4. Bg2 O-O 5. O-O d6 6. b3 a5 7. Bb2 Nc6 8. Na3
Bd7 9. c4 Re8 10. d5 Nb4 11. Nc2 c5 12. a4 e6 13. Nxb4 axb4 14. dxe6 Bxe6 15.
Ng5 Bg4 16. f3 Bd7 17. e4 Qe7 18. Qd2 Bh6 19. h4 Bc6 20. Kh2 Nd7 21. f4 Rad8
22. Rae1 Nf6 23. Ba1 Bg7 24. Qd1 h6 25. Nh3 Nxe4 26. Bxe4 Bxe4 27. Nf2 f5 28.
Rxe4 fxe4 29. Ng4 e3 30. Re1 e2 31. Qb1 Qe4 0-1

[Event "Bad Woerishofen op"]
[Site "?"]
[Date "2005.03.09"]
[Round "7"]
[White "Slaby, Jerzy"]
[Black "Kveinys, Aloyzas"]
[Result "1/2-1/2"]
[WhiteElo "2401"]
[BlackElo "2518"]
[PlyCount "57"]
[EventDate "2005.03.04"]

1. e4 c5 2. Nf3 e6 3. d4 cxd4 4. Nxd4 a6 5. Nc3 Qc7 6. Be2 Nf6 7. O-O Bb4 8.
Qd3 Nc6 9. Kh1 Qd6 10. Nxc6 Qxd3 11. Bxd3 bxc6 12. Na4 a5 13. c4 Ba6 14. a3 Be7
15. Bd2 d5 16. exd5 cxd5 17. Rfc1 O-O 18. f3 Rfb8 19. Bf1 dxc4 20. Bxc4 Bxc4
21. Rxc4 Nd5 22. Rac1 h6 23. R1c2 Kh7 24. Nc3 Nxc3 25. Bxc3 Bxa3 26. Bxg7 Kxg7
27. bxa3 Rb1+ 28. Rc1 Rab8 29. Rg1 1/2-1/2

[Event "Bad Woerishofen op"]
[Site "?"]
[Date "2005.03.09"]
[Round "7"]
[White "Haub, Thorsten-Michael"]
[Black "Kummerow, Heiko"]
[Result "1-0"]
[WhiteElo "2422"]
[BlackElo "2292"]
[PlyCount "69"]
[EventDate "2005.03.04"]

1. g3 f5 2. Bg2 Nf6 3. c4 g6 4. Nc3 Bg7 5. Nf3 O-O 6. O-O d6 7. Rb1 a5 8. a3
Nh5 9. d4 f4 10. e3 fxg3 11. fxg3 Bf5 12. Ra1 c6 13. Qb3 Qd7 14. Ng5 h6 15.
Nge4 Na6 16. Bd2 Kh8 17. Na4 Bxe4 18. Bxe4 Qe6 19. Qc2 g5 20. Bf5 Qg8 21. Nb6
Rad8 22. Bxa5 Nf6 23. Bc3 e6 24. Bh3 g4 25. Bg2 Nh7 26. Qg6 Ng5 27. Rf4 e5 28.
Rxg4 Rf6 29. Qd3 Qe6 30. dxe5 Nc5 31. Qd1 Rff8 32. Rxg5 hxg5 33. b4 Na6 34.
Qh5+ Bh6 35. Bh3 1-0

[Event "Bad Woerishofen op"]
[Site "?"]
[Date "2005.03.09"]
[Round "7"]
[White "Sailer, Wolfgang"]
[Black "Heika, Martin"]
[Result "0-1"]
[WhiteElo "2192"]
[BlackElo "2364"]
[PlyCount "60"]
[EventDate "2005.03.04"]

1. d4 Nf6 2. c4 e6 3. g3 d5 4. Bg2 Be7 5. Nf3 O-O 6. O-O Nbd7 7. Qc2 c6 8. Nbd2
b6 9. e4 Ba6 10. b3 Rc8 11. Bb2 c5 12. e5 Ne8 13. Rad1 cxd4 14. Nxd4 b5 15. f4
bxc4 16. bxc4 Nb6 17. f5 Nxc4 18. Nxc4 Bxc4 19. f6 gxf6 20. Rf4 f5 21. Nxf5
exf5 22. Qxf5 Ng7 23. Rg4 Qb6+ 24. Bd4 Qe6 25. Qh5 Kh8 26. Rxg7 Kxg7 27. Bh3
Be2 28. Qxe2 Qxh3 29. e6+ f6 30. Bxa7 Rc6 0-1

[Event "Bad Woerishofen op"]
[Site "?"]
[Date "2005.03.09"]
[Round "7"]
[White "Vrana, Frantisek"]
[Black "Gasthofer, Alexander"]
[Result "1-0"]
[WhiteElo "2281"]
[BlackElo "2434"]
[PlyCount "67"]
[EventDate "2005.03.04"]

1. e4 e6 2. d3 d5 3. Nd2 Nf6 4. Ngf3 Nc6 5. Be2 e5 6. O-O Bc5 7. c3 a5 8. Qa4
Bd7 9. exd5 Nxd5 10. Nxe5 Nxe5 11. Qe4 Bd6 12. Qxd5 Bc6 13. Qd4 Qe7 14. Ne4
O-O-O 15. Qe3 f5 16. Nxd6+ Qxd6 17. d4 Ng6 18. Qh3 Qf6 19. Bf3 Bb5 20. Re1 Nh4
21. Bf4 Rhe8 22. Be5 Nxf3+ 23. Qxf3 Qf7 24. Rac1 Bc6 25. Qh3 g5 26. c4 b6 27.
d5 Bb7 28. Qh6 Rg8 29. c5 Rg6 30. Qh3 Bxd5 31. cxb6 c6 32. Qa3 Kb7 33. Rc5 Qe7
34. Qxa5 1-0

[Event "Bad Woerishofen op"]
[Site "?"]
[Date "2005.03.09"]
[Round "7"]
[White "Kleinegger, Frank"]
[Black "Pirrot, Dieter"]
[Result "1-0"]
[WhiteElo "2245"]
[BlackElo "2401"]
[PlyCount "83"]
[EventDate "2005.03.04"]

1. Nf3 d5 2. d4 Nc6 3. g3 Bg4 4. Bg2 e6 5. O-O Nf6 6. b3 Ne4 7. Bb2 Be7 8. Nbd2
f5 9. c4 O-O 10. Rc1 Qe8 11. cxd5 exd5 12. Ne5 Nxe5 13. dxe5 Qb5 14. f3 Bg5 15.
Nxe4 fxe4 16. fxg4 Bxc1 17. Bxc1 Qc5+ 18. Kh1 Rxf1+ 19. Qxf1 a5 20. Qd1 c6 21.
Bf4 a4 22. g5 axb3 23. Qxb3 b5 24. e6 Ra3 25. Qb2 Qc3 26. Qxc3 Rxc3 27. Bh3 Kf8
28. Bd6+ Ke8 29. e7 Rc1+ 30. Kg2 Rc2 31. Kf1 Rxa2 32. Be6 Ra8 33. Bc5 Rb8 34.
Bb4 g6 35. h4 d4 36. Bg8 Ra8 37. Bxh7 Kf7 38. h5 gxh5 39. Bxe4 Rc8 40. g6+ Ke8
41. g7 Kf7 42. Bxc6 1-0